<?xml version="1.0" encoding="UTF-8"?><marc:collection xmlns:marc="http://www.loc.gov/MARC21/slim">
  <marc:record>
    <marc:leader>00000nas##2200000za#4500</marc:leader>
    <marc:controlfield tag="001">9.514547</marc:controlfield>
    <marc:controlfield tag="003">CaOODSP</marc:controlfield>
    <marc:controlfield tag="005">20200428124301</marc:controlfield>
    <marc:controlfield tag="007">ta</marc:controlfield>
    <marc:controlfield tag="008">150406c1999||||xxc|| m #||||f|   |0eng|d</marc:controlfield>
    <marc:datafield tag="040" ind1=" " ind2=" ">
      <marc:subfield code="a">CaOODSP</marc:subfield>
      <marc:subfield code="b">eng</marc:subfield>
    </marc:datafield>
    <marc:datafield tag="043" ind1=" " ind2=" ">
      <marc:subfield code="a">n-cn---</marc:subfield>
    </marc:datafield>
    <marc:datafield tag="086" ind1="1" ind2=" ">
      <marc:subfield code="a">En133-5E</marc:subfield>
    </marc:datafield>
    <marc:datafield tag="110" ind1="2" ind2=" ">
      <marc:subfield code="a">National Round Table on the Environment and the Economy (Canada)</marc:subfield>
    </marc:datafield>
    <marc:datafield tag="245" ind1="1" ind2="0">
      <marc:subfield code="a">Domestic Greenhouse Gas Emissions Trading technical paper series </marc:subfield>
    </marc:datafield>
    <marc:datafield tag="260" ind1=" " ind2=" ">
      <marc:subfield code="a">Ottawa - Ontario : </marc:subfield>
      <marc:subfield code="b">National Round Table on the Environment and the Economy </marc:subfield>
    </marc:datafield>
    <marc:datafield tag="500" ind1=" " ind2=" ">
      <marc:subfield code="a">Prepared for: Multistakeholder Expert Group on Domestic Emissions Trading, National Round Table on the Environment and the Economy. "The National Round Table on the Environment and the Economy (NRTEE) has established a multistakeholder expert group to design and assess different options for a domestic emissions trading program for greenhouse gases. Its work will help to inform the public debate on emissions trading and also provide valuable input for assessing ways to implement the Kyoto Protocol when the national multistakeholder post-Kyoto process begins to address domestic emissions trading in detail."--Page 1, "The legislative authority to implement a Domestic Emissions Trading System", 1999. Canadian cataloguing in publication data printed in these publications.</marc:subfield>
    </marc:datafield>
    <marc:datafield tag="520" ind1="3" ind2=" ">
      <marc:subfield code="a">The National Round Table on the Environment and the Economy (NRTEE) has established a multistakeholder expert group to design and assess different options for a domestic emissions trading program for greenhouse gases. Its work will help to inform the public debate on emissions trading and also provide valuable input for assessing ways to implement the Kyoto Protocol when the national multistakeholder post-Kyoto process begins to address domestic emissions trading in detail.--Page 1, The legislative authority to implement a Domestic Emissions Trading System, 1999</marc:subfield>
    </marc:datafield>
    <marc:datafield tag="563" ind1=" " ind2=" ">
      <marc:subfield code="a">Spiral binding</marc:subfield>
    </marc:datafield>
    <marc:datafield tag="775" ind1="0" ind2="8">
      <marc:subfield code="t">Droits d'échange d'émission nationaux des gaz à effet de serre, série de documents techniques </marc:subfield>
      <marc:subfield code="w">(CaOODSP)9.512950</marc:subfield>
    </marc:datafield>
    <marc:datafield tag="776" ind1="0" ind2="#">
      <marc:subfield code="t">Domestic greenhouse gas emissions trading technical paper series </marc:subfield>
      <marc:subfield code="w">(CaOODSP)9.507556</marc:subfield>
    </marc:datafield>
  </marc:record>
</marc:collection>
